Gliederung des Königreichs Sachsen und die sächsischen Herzogtümer - Statistiken

Allgemein
  • Dieses Quiz wurde 109 mal gespielt
  • Das Durchschnittsergebnis liegt bei 7 aus 22
Antworten auf der Karte
Die Antworten werden auf der Karte rot bzw. grün angezeigt, abhängig davon wie oft sie richtig erraten wurden.
 
Antwortstatistiken
Linie Verwaltungseinheit % Korrekt
Albertinisch Leipziger Kreis
87%
Ernestinisch Altenburg
68%
Ernestinisch Weimar
65%
Albertinisch Meißen
63%
Albertinisch Meißnischer Kreis
63%
Ernestinisch Coburg
59%
Ernestinisch Eisenach
56%
Albertinisch Erzgebirgischer Kreis
54%
Albertinisch Vogtländischer Kreis
49%
Albertinisch Oberlausitz
43%
Albertinisch Niederlausitz
40%
Albertinisch Merseburg
25%
Albertinisch Naumburg
24%
Albertinisch Thüringischer Kreis
14%
Albertinisch Mansfeld
11%
Albertinisch Kurkreis
5%
Albertinisch Neustädter Kreis
5%
Albertinisch Querfurt
5%
Albertinisch Schönburg
5%
Albertinisch Henneberg
3%
Albertinisch Stolberg
3%
Albertinisch Barby
2%
Keine übereinstimmenden Quizze gefunden
Verteilung der Resultate
Anzahl Personen mit jedem Resultat
Perzentil nach korrekt beantworteten Fragen
Ihre Resultats-Entwicklung
Sie haben dieses Quiz noch nicht gespielt